| 000 | 01322cam a22003733a 4500 | ||
|---|---|---|---|
| 001 | 2103 | ||
| 003 | FISKH | ||
| 005 | 20231106142559.0 | ||
| 008 | 030331s2003 nyu j 000 1 eng d | ||
| 010 | _a 2003586293 | ||
| 020 | _a0439440645 (pbk.) : | ||
| 020 | _a9780439440646 | ||
| 035 | _a(OCoLC)ocm51946715 | ||
| 040 |
_aIMF _cIMF _dDLC _beng |
||
| 042 | _alccopycat | ||
| 050 | 0 | 0 | _aPZ8.M38 |
| 082 | _a398.2094202 | ||
| 100 | 1 | _aMason, Jane B. | |
| 245 | 1 | 0 |
_aKing Arthur / _cadapted by Jane B. Mason and Sarah Hines Stephens. |
| 260 |
_aNew York : _bScholastic, _c2003. |
||
| 300 |
_a131 pages ; _c20 cm |
||
| 490 | 0 | _aScholastic junior classics | |
| 505 | _aT | ||
| 520 | _a"In the center of the courtyard of a medieval church stands a single block of marble. On top of the marble lies a heavy black anvil. Struck deep through them both is a glittering sword. Whoever can remove the sword from the stone is the rightful king of Britain..." | ||
| 521 | 8 |
_a790
_bLexile |
|
| 521 | 8 |
_aT
_bRaz-Plus |
|
| 600 | 0 | 0 |
_aArthur, _cKing _vFiction. |
| 650 | 0 |
_aBritons _xKings and rulers _vFiction. |
|
| 650 | 0 | _aArthurian romances. | |
| 655 | 7 |
_aChildren's stories. _2lcsh |
|
| 700 | 1 |
_aHines-Stephens, Sarah. _eAuthor |
|
| 906 |
_a7 _bcbc _ccopycat _d2 _encip _f20 _gy-genrareb |
||
| 942 |
_2ddc _cBK _n0 |
||
| 999 |
_c2103 _d2103 |
||